| 000 | 00713nam a22002417a 4500 | ||
|---|---|---|---|
| 003 | CHAP | ||
| 005 | 20220329134749.0 | ||
| 008 | 971013s r 00010 d | ||
| 010 | _a25500 | ||
| 011 | _a26472 | ||
| 035 | _a30573 | ||
| 040 | _cCHAP | ||
| 090 | _aR-419 | ||
| 100 | 0 | 0 |
_aEig, A. _935803 |
| 245 | _aRevision of the oriental Scrophularia species of the herbarium of the hebrew university | ||
| 500 | _aSobretiro de : Palestine Journal of Botany 3:79-93, 1944 | ||
| 590 |
_aBATCH-UPD _b10 _c20130110 _lUCH01 _h2245 |
||
| 590 |
_aCONVERSION _b10 _c20130109 _lUCH01 _h1315 |
||
| 650 | 1 | 4 |
_aScrophulariaceae. _9103429 |
| 901 | _aBK | ||
| 942 | _cREIMP | ||
| 949 |
_aR-419 _bBC _cR _d-70878 _eTS1 _i30573 _si |
||
| 999 |
_c25500 _d25500 |
||